Treasures of Islam
| Format: | Book |
|---|---|
| Published: |
New Jersey :
Wellfleet Press ,
1995
|
| Subjects: |
MARC
| LEADER | 00000cam a2200000 7i4500 | ||
|---|---|---|---|
| 001 | 0000004835 | ||
| 002 | 000005211 | ||
| 005 | 20000330.0 | ||
| 020 | |a 1555215149 | ||
| 090 | 0 | 0 | |a 704.94897 |b TRE |
| 245 | 1 | 0 | |a Treasures of Islam |c edited by Toby Falk |
| 260 | |a New Jersey : |b Wellfleet Press , |c 1995 | ||
| 300 | |a 400p. ; |c 31cm. | ||
| 650 | 0 | 0 | |a Islamic art |x History |
| 999 | |a 033483 |b BUKU |c PINJAMAN |e PERPUSTAKAAN KOMUNITI PETALING JAYA | ||